MARC details
| 000 -CABECERA |
| campo de control de longitud fija |
03301cam a22003018i 4500 |
| 001 - NÚMERO DE CONTROL |
| campo de control |
23320880 |
| 005 - FECHA Y HORA DE LA ÚLTIMA TRANSACCIÓN |
| campo de control |
20250327115029.0 |
| 008 - DATOS DE LONGITUD FIJA--INFORMACIÓN GENERAL |
| campo de control de longitud fija |
230918t20242024nju 001 0 eng c |
| 010 ## - NÚMERO DE CONTROL DE LA BIBLIOTECA DEL CONGRESO |
| Número de control de LC |
2023042918 |
| 020 ## - NÚMERO INTERNACIONAL ESTÁNDAR DEL LIBRO |
| Número Internacional Estándar del Libro |
9781119866503 |
| Información calificativa |
(paperback) |
| 040 ## - FUENTE DE LA CATALOGACIÓN |
| Centro catalogador/agencia de origen |
MdU/DLC |
| Lengua de catalogación |
eng |
| Normas de descripción |
rda |
| Centro/agencia transcriptor |
MdU |
| Centro/agencia modificador |
DLC |
| 042 ## - CÃDIGO DE AUTENTICACIÃN |
| Código de autenticación |
pcc |
| 050 00 - SIGNATURA TOPOGRÁFICA DE LA BIBLIOTECA DEL CONGRESO |
| Número de clasificación |
HF5825 |
| Número de documento/Ítem |
.B467 2024 |
| 100 ## - ENTRADA PRINCIPAL--NOMBRE DE PERSONA |
| Nombre de persona |
Berman, Margo, |
| Fechas asociadas al nombre |
1947- |
| Término indicativo de función/relación |
author. |
| 245 10 - MENCIÓN DE TÍTULO |
| Título |
Content and copywriting |
| Resto del título |
: the complete toolkit for strategic marketing |
| Mención de responsabilidad, etc. |
/ Margo Berman. |
| 250 ## - MENCIÓN DE EDICIÓN |
| Mención de edición |
Second edition. |
| 264 #1 - PRODUCCIÓN, PUBLICACIÓN, DISTRIBUCIÓN, FABRICACIÓN Y COPYRIGHT |
| Producción, publicación, distribución, fabricación y copyright |
Hoboken, NJ : |
| Nombre del de productor, editor, distribuidor, fabricante |
Wiley-Blackwell, |
| Fecha de producción, publicación, distribución, fabricación o copyright |
2024. |
| 264 #4 - PRODUCCIÓN, PUBLICACIÓN, DISTRIBUCIÓN, FABRICACIÓN Y COPYRIGHT |
| Fecha de producción, publicación, distribución, fabricación o copyright |
©2024 |
| 300 ## - DESCRIPCIÓN FÍSICA |
| Extensión |
xxxiv, 506 pages : illustrations (chiefly color) ; 25 cm |
| 500 ## - NOTA GENERAL |
| Nota general |
Includes index. |
| 500 ## - NOTA GENERAL |
| Nota general |
First edition published in 2012 as "The copywriter's toolkit : the complete guide to strategic advertising copy." |
| 505 ## - NOTA DE CONTENIDO CON FORMATO |
| Nota de contenido con formato |
Content writing — content versus copywriting —<br/>The shareable word — the content creation process —<br/>The digital storytelling word — audience engagement —<br/>The template word — visual engagement for cross-platform use —<br/>The experiential word — immersive, MR (mixed reality), and interactive engagement —<br/>Copywriting for three platforms — video, audio, print, plus cross-platform campaigns —<br/>The persuasive word — strategy ABCs: audience, benefits, and creative briefs —<br/>The strategic word — strategy categories —<br/>The animated word — TV, interactive spots, and video scripts —<br/>The spoken word — radio script writing and formats —<br/>The chose word — copywriting techniques —<br/>The sticky word — headline and slogan techniques —<br/>The written word — print ads, posters, brochures, and more —<br/>The ambient and moving word — out-of-home and transit —<br/>The abridged word — small-space writing: direct mail, package copy, coupons, freebies, etc. —<br/>The cross-platform word — integrated campaigns: traditional, social media, and interactive —<br/>Resources. |
| 520 ## - SUMARIO, ETC. |
| Sumario, etc. |
"With the shift from copywriting and public relations writing to content writing, writers in all communications fields must learn new ways to reach their audiences. Messaging has moved from brand-centric selling to information-to-consumer storytelling. Marketers in all positions often must know both kinds of delivery: content writing and copywriting. What was once under the domain of ad agency media planners is now in the hands of many writers, who often handle scheduling and calendaring. What was once just social media has morphed into cross-disciplinary delivery that includes shareable and shoppable content. Today more than ever, communicators need to master myriad formats and storytelling templates. This comprehensively updated new text will include lists that compare the differences between content writers and copywriters to clarify terminology, as well as infographics and content-writing templates or examples. It will provide a thorough overview of and introduction to writing strategic copy and creating content in order to reach any kind of audience across a multitude of different platforms"-- |
| Fuente proveedora |
Provided by publisher. |
| 650 #0 - PUNTO DE ACCESO ADICIONAL DE MATERIA--TÉRMINO DE MATERIA |
| Término de materia o nombre geográfico como elemento de entrada |
Advertising copy |
| Subdivisión de forma |
Handbooks, manuals, etc. |
| 650 #0 - PUNTO DE ACCESO ADICIONAL DE MATERIA--TÉRMINO DE MATERIA |
| Término de materia o nombre geográfico como elemento de entrada |
Storytelling |
| 9 (RLIN) |
8216 |
| 650 #0 - PUNTO DE ACCESO ADICIONAL DE MATERIA--TÉRMINO DE MATERIA |
| Término de materia o nombre geográfico como elemento de entrada |
Communication in marketing |
| Subdivisión general |
Handbooks, manuals, etc. |
| 9 (RLIN) |
6963 |
| 942 ## - ELEMENTOS DE ENTRADA AGREGADA (KOHA) |
| Fuente del sistema de clasificación o colocación |
Clasificación de Library of Congress |